Estadísticas para Los fichajes más caros del fútbol - Temporada 2022-2023

Haz click aquí para intentar la prueba.

Estadísticas generales

  • Esta prueba ha sido intentada 53 veces
  • La puntuación promedio es 9 de 10

Estadísticas de respuestas

Coste (M €)NacionalidadÚltimo clubNuevo clubJugador% Correcto
121,00ArgentinaBenficaChelseaEnzo Fernández
98%
70,65BrasilReal MadridManchester UnitedCasemiro
96%
67,00Países BajosJuventusBayern MúnichMatthijs de Ligt
96%
70,00SueciaReal SociedadNewcastle UnitedAlexander Isak
94%
80,00FranciaMónacoReal MadridAurélien Tchouaméni
94%
85,00UruguayBenficaLiverpoolDarwin Núñez
94%
95,00BrasilAjaxManchester UnitedAntony
91%
65,00EspañaBirghtonChelseaMarc Cucurella
87%
70,00UcrainaShakthtar DonestskChelseaMykhaylo Mudryk
87%
80,40FranciaLeicesterChelseaWesley Fofana
64%

Distribución de puntuación

Porcentaje por número respondido

Porcentaje de gente con cada puntuación

Historial de tus puntuaciones

No has intentado esta prueba.